Central Library OPAC University of Rajshahi

স্বাধীনতা স্মারক / (Record no. 64736)

MARC details
000 -LEADER
fixed length control field 00980nam a2200241 a 4500
001 - CONTROL NUMBER
control field 64736
003 - CONTROL NUMBER IDENTIFIER
rucl marc code BD-RjUL
005 - DATE AND TIME OF LATEST TRANSACTION
control field 20211209081338.0
008 - FIXED-LENGTH DATA ELEMENTS--GENERAL INFORMATION
fixed length control field 170219s2012 bg ||||| |||| 00| 0 ben d
020 ## - INTERNATIONAL STANDARD BOOK NUMBER
Terms of availability : Tk. 200.00
035 ## - SYSTEM CONTROL NUMBER
System control number (BD-RjUL)64866
040 ## - CATALOGING SOURCE
Original cataloging agency BD-RjUL
Language of cataloging eng
Transcribing agency BD-RjUL
041 ## - LANGUAGE CODE
Language code of text/sound track or separate title ben
082 ## - DEWEY DECIMAL CLASSIFICATION NUMBER
Edition number 23
Classification number 954.92
Author mark and year SAD 2012
245 00 - TITLE STATEMENT
Title স্বাধীনতা স্মারক /
Statement of responsibility, etc. সম্পাদক : দুলাল চন্দ্র রায়, রওশন জাহিদ
260 ## - PUBLICATION, DISTRIBUTION, ETC. (IMPRINT)
Place of publication, distribution, etc. রাজশাহী :
Name of publisher, distributor, etc. শাহ মখদুম হল,
Date of publication, distribution, etc. ২০১২
300 ## - PHYSICAL DESCRIPTION
Pagination ১৬৭ পৃ. :
Illustrations চিত্র ;
Size ২৩ সেমি.
650 ## - SUBJECT ADDED ENTRY--TOPICAL TERM
Topical term or geographic name as entry element ইতিহাস
Geographic subdivision বাংলাদেশ
9 (RLIN) 178124
Topical term or geographic name as entry element History
Geographic subdivision Bangladesh
9 (RLIN) 183265
700 ## - ADDED ENTRY--PERSONAL NAME
Personal name রায়, দুলাল চন্দ্র, সম্পাদক
Personal name জাহিদ, রওশন, সম্পাদক
942 ## - ADDED ENTRY ELEMENTS (KOHA)
Source of classification or shelving scheme Dewey Decimal Classification
Koha item type Books
Holdings
Lost status Source of classification or shelving scheme Damaged status Not for loan Collection code Permanent Location Current Location Shelving location Date acquired Source of acquisition Total Checkouts Full call number Date last seen Copy number Koha item type
  Dewey Decimal Classification   Not For Loan Non-fiction Central Library, University of Rajshahi Central Library, University of Rajshahi Reading Room 15/09/2012 Dulal Chandra Roy   B 954.92 SAD 2012 19/02/2017 C-1 Books